Technical communication in the twenty-first century / (Record no. 50335)

MARC details
000 -LEADER
fixed length control field 01273cam a2200337 a 4500
001 - CONTROL NUMBER
control field 14640433
003 - CONTROL NUMBER IDENTIFIER
control field OSt
005 - DATE AND TIME OF LATEST TRANSACTION
control field 20170516124132.0
008 - FIXED-LENGTH DATA ELEMENTS--GENERAL INFORMATION
fixed length control field 061120s2008 njua b 001 0 eng
010 ## - LIBRARY OF CONGRESS CONTROL NUMBER
LC control number 2006038798
020 ## - INTERNATIONAL STANDARD BOOK NUMBER
International Standard Book Number 0131172883
020 ## - INTERNATIONAL STANDARD BOOK NUMBER
International Standard Book Number 9780131172883
035 ## - SYSTEM CONTROL NUMBER
System control number (OCoLC)ocm76792117
035 ## - SYSTEM CONTROL NUMBER
System control number (OCoLC)76792117
040 ## - CATALOGING SOURCE
Original cataloging agency DLC
Transcribing agency DLC
Modifying agency YDX
-- BAKER
-- YDXCP
-- BTCTA
-- DLC
050 00 - LIBRARY OF CONGRESS CALL NUMBER
Classification number P301
Item number .D63 2008
082 00 - DEWEY DECIMAL CLASSIFICATION NUMBER
Classification number 808/.066
Edition number 22
100 1# - MAIN ENTRY--PERSONAL NAME
Personal name Dobrin, Sidney I.,
Dates associated with a name 1967-
245 10 - TITLE STATEMENT
Title Technical communication in the twenty-first century /
Statement of responsibility, etc Sidney I. Dobrin, Christopher J. Keller, Christian R. Weisser.
260 ## - PUBLICATION, DISTRIBUTION, ETC. (IMPRINT)
Place of publication, distribution, etc Upper Saddle River, N.J. :
Name of publisher, distributor, etc Pearson Prentice Hall,
Date of publication, distribution, etc 2008.
300 ## - PHYSICAL DESCRIPTION
Extent xxvi, 737 p. :
Other physical details col. ill. ;
Dimensions 28 cm.
504 ## - BIBLIOGRAPHY, ETC. NOTE
Bibliography, etc Includes bibliographical references and index.
650 #0 - SUBJECT ADDED ENTRY--TOPICAL TERM
Topical term or geographic name as entry element Rhetoric.
650 #0 - SUBJECT ADDED ENTRY--TOPICAL TERM
Topical term or geographic name as entry element Communication.
700 1# - ADDED ENTRY--PERSONAL NAME
Personal name Keller, Christopher J.
700 1# - ADDED ENTRY--PERSONAL NAME
Personal name Weisser, Christian R.,
Dates associated with a name 1970-
856 41 - ELECTRONIC LOCATION AND ACCESS
Materials specified Table of contents only
Uniform Resource Identifier <a href="http://www.loc.gov/catdir/toc/ecip075/2006038798.html">http://www.loc.gov/catdir/toc/ecip075/2006038798.html</a>
906 ## - LOCAL DATA ELEMENT F, LDF (RLIN)
a 7
b cbc
c orignew
d 1
e ecip
f 20
g y-gencatlg
942 ## - ADDED ENTRY ELEMENTS (KOHA)
Source of classification or shelving scheme Library of Congress Classification
Koha item type Book
Holdings
Withdrawn status Lost status Source of classification or shelving scheme Damaged status Not for loan Collection code Home library Current library Shelving location Date acquired Source of acquisition Cost, normal purchase price Total Checkouts Full call number Barcode Price effective from Koha item type
    Library of Congress Classification     Non-fiction Nairobi Campus Nairobi Campus General Circulation 16/05/2017 Donation-BFA 5000.00   P301 .D63 2008 053303 16/05/2017 Book